00337nam a2200133Ia 4500008004100000020001500041041001200056082001600068100001800084245004000102260003700142300000800179650001600187221030s9999 xx 000 0 und d a8187433418 aEnglish a105.23bCha aB. S. Chhabra 0aCobol Programmingcby B. S. Chhabra bDhanpat Rai PubaNew Delhic2000 a189 aBE Computer